Culture générale - Quiz #34 - Statistiques

Statistiques générales
  • Ce quiz a été pris 63 914 fois
  • Le résultat moyen est 11 sur 20
Statistiques - réponses
Question Réponse % Correct
Quel est le pays qui produit le plus grand nombre de films chaque année ? L'Inde
88%
Que signifie le sigle TGV ? Train à grande vitesse
86%
Qui a passé 27 ans en prison avant de devenir président de son pays en 1994 ? Nelson Mandela
81%
Quel système de lecture à l’usage des personnes aveugles a été élaboré en 1825 par son créateur alors âgé de 16 ans ? Braille
75%
Les jardins de Versailles en comptent 55, de quoi s'agit-il ? Des fontaines
68%
Quel mot commençant par A caractérise une substance qui stimulerait le désir sexuel, comme le gingembre par exemple ? Aphrodisiaque
63%
Quelle était la version soviétique du mot "astronaute" ? Cosmonaute
63%
Nommez un des deux pays qui se partagent la Patagonie. Argentine / Chili
58%
Dans quel département se trouve Disneyland Paris ? Seine-et-Marne
51%
Quelle célèbre école militaire a été fondée en 1802 par Napoléon Bonaparte ? Saint-Cyr
49%
Qui est protégé par la Garde suisse ? Le Pape
48%
Quelle est la dernière lettre de l'alpabet grec ? Omega
47%
Comment s'appelle la jeune protagoniste dans l'histoire de Peter Pan ? Wendy Darling
45%
Quelle grande ville frontalière suisse partage un aéroport international avec Mulhouse ? Bâle
42%
Quel nom est donné à un scientifique spécialiste des fossiles ? Paléontologue
40%
Quel genre de dinosaures sont les principaux antagonistes dans Jurassic Park ? Vélociraptor
37%
Quelle pièce de Racine commence par la lettre P ? Phèdre
31%
Quel est l'aéroport le plus fréquenté d'Europe ? Aéroport de Londres-Heathrow
29%
Quel élément était autrefois connu sous le nom de vif-argent ? Mercure
26%
Qui a dirigé l'Organisation de libération de la Palestine de 1969 à 2004 ? Yasser Arafat
23%
Aucun quiz correspondant
Distribution des résultats
% des personnes avec chaque résultat
Percentile par nombre de réponses
Votre historique - résultats
Vous n’avez pas pris ce quiz